000 01409cam a22001814a 4500
005 20250605164143.0
008 250528s ||||||||||||||||||||||||d
035 _a19053
040 _aGR-AtMCL
_bgre
_dGR-AtMCL
_eAACR2
245 1 _aΑρχαί και Πρακτική της Θαλασσασφαλίσεως
260 _bΝαυτικών Και Τεχνικών Βιβλίων,
_c1977
300 _a188
520 _aΓενικαί Ασφαλιστικαί Πληροφορίαι, Εισαγωγή, Σύντομος Ιστορική Ανασκόπησις της Θαλασσασφαλίσεως, Ολίγα Τινά περί της Οργανώσεως Lloyd's, Οι Μεσίται παρά τω Lloyd's, Η Ναυτασφαλιστική Αγορά, Το Ινστιτούτο τω Εν Λονδίνω Ασφαλιστών (Institute of London Underwriters), Salvage Association, Εγγύτερα Αίτια (Causa Provima), Μεική Αβαρία (Particular Average), Γενική Αβαρία, Επιθαλάσσιος Αρωγή (Salvage), Σύγκρουσις, Επιστροφή Ασφαλίστρου, Αλληλασφαλιστικοί Συνεταιρισμοί Προστασίας και Αποζημειώσεως (Protection and Indemnity Associations), Παραρτήματα.
700 1 _aΣυρίχας Ορέστης Γ
_95321
942 _cBK
999 _c4337
_d4337